[Event "Corus"]
[Site "Wijk aan Zee"]
[Date "2009.01.17"]
[Round "1"]
[White "Carlsen, Magnus"]
[Black "Radjabov, Teimour"]
[Result "1/2-1/2"]
[WhiteElo "2776"]
[BlackElo "2761"]
[Annotator "ChessBase"]
[PlyCount "120"]
[EventDate "2009.01.17"]
[EventType "tourn"]
[EventRounds "13"]
[EventCountry "NED"]
[EventCategory "19"]
[SourceTitle "CBM 129"]
[Source "ChessBase"]
[SourceDate "2009.03.25"]
[SourceVersion "1"]
[SourceVersionDate "2009.03.25"]
[SourceQuality "1"]

1. e4 c5 2. Nf3 e6 3. g3 d5 4. exd5 exd5 5. d4 Nc6 6. Bg2 Bg4 7. O-O Be7 ({RR} 7... cxd4 8. h3 Bxf3 9. Qxf3 Nf6 10. Bg5 Be7 11. Bxf6 Bxf6 12. Re1+ Ne7 13. Qxd5 Qxd5 14. Bxd5 O-O 15. Be4 Rac8 16. Nd2 Rc7 17. Bd3 Nc6 18. a3 Ne5 19. Rab1 g6 20. Kf1 Kg7 21. Re2 Rfc8 22. Nb3 {Anand,V (2803)-Ivanisevic,I (2653) Berlin 2015 ½-½ (45)}) 8. dxc5 Bxc5 ({RR} 8... Nf6 9. Nbd2 O-O 10. Nb3 Ne4 11. h3 Be6 12. Be3 Qd7 13. Kh2 Bd8 14. Nfd4 Ng5 15. f4 Nxh3 16. Nxe6 Qxe6 17. Re1 Nxf4 18. Bxf4 Qf6 19. c3 Be7 20. Qf3 Rad8 21. Rad1 Qg6 22. Rxd5 Rxd5 23. Qxd5 {Priyanka,K (2086)-Aishwarya N (1549) Ahmedabad IND 2025 1-0}) 9. Qe1+ $146 ({RR} 9. h3 Bh5 10. c3 Nge7 11. Nbd2 O-O 12. Nb3 Bb6 13. Qd3 Bg6 14. Qd1 Be4 15. Nfd4 Qd7 16. a4 a6 17. a5 Ba7 18. Be3 Bxg2 19. Kxg2 Ne5 20. Nf3 Nxf3 21. Qxf3 Bxe3 22. Qxe3 Rfe8 23. Qd3 Ng6 {Rakhmangulova,A (2295)-Maltsevskaya,A (2378) FIDE Online Arena INT 2024 0-1}) ({RR} 9. Nc3 Nge7 10. h3 Bh5 11. g4 Bg6 12. Nh4 O-O 13. Nxg6 hxg6 14. Nxd5 Nxd5 15. Qxd5 Qb6 16. c3 a5 17. Bg5 Rfe8 18. Rad1 Re2 19. Be3 Bxe3 20. fxe3 Qxe3+ 21. Kh1 Rf8 22. Rd3 Qe7 23. Qb5 Re5 {Ehlvest,J (2530)-Zampronha,W (2170) chess.com INT 2023 1-0 (31)}) 9... Be7 10. Ne5 Be6 11. c4 Nf6 12. Nc3 Rc8 13. cxd5 Nxd5 14. Bh6 ({Spectacular, but it looks stronger to insert} 14. Bxd5 $1 Bxd5 {and only then play} 15. Bh6 {after which Black has some serious problems to solve.}) 14... Nxe5 ({Certainly not} 14... gxh6 $2 15. Nxd5 Bxd5 16. Rd1) 15. Rd1 gxh6 16. Qxe5 Bf6 17. Qe2 Bxc3 18. Bxd5 Qe7 19. Qb5+ Qd7 20. Qb3 Rc5 21. Bxe6 Qxe6 22. Qa3 b6 23. bxc3 O-O {After the complications, we reach a heavy piece ending where the more exposed black king gives White some initiative, but careful defence enables Radjabov to hold.} 24. Qxa7 Rxc3 25. Rfe1 Qf6 26. Qa4 Rc5 27. Re4 Rf5 28. Rg4+ Kh8 29. Qb4 Rc8 30. Rc4 Re8 31. Re4 Rc8 32. Re2 Rfc5 33. Re4 Rf5 34. Rde1 Rg8 35. Re8 Rfg5 36. R8e4 Rf5 37. R1e2 Qa1+ 38. Kg2 Qf6 39. a4 Qc6 40. Qb2+ Qf6 41. Rb4 Qxb2 42. Rexb2 Ra8 43. Rxb6 Rxa4 44. Rxh6 Kg7 45. Rd6 h6 46. f4 Rfa5 47. Rdd2 Ra6 48. Kh3 R6a5 49. Kh4 Ra6 50. Rbc2 R6a5 51. Rf2 Ra6 52. Kh5 R4a5+ 53. f5 Rg6 54. g4 Ra3 55. Kh4 Rb6 56. h3 Rbb3 57. Rh2 Rf3 58. Rcf2 Rfe3 59. Rf1 Rab3 60. Rfh1 Rf3 1/2-1/2

[Event "Corus"]
[Site "Wijk aan Zee"]
[Date "2009.01.18"]
[Round "2"]
[White "Stellwagen, Daniel"]
[Black "Carlsen, Magnus"]
[Result "1/2-1/2"]
[WhiteElo "2612"]
[BlackElo "2776"]
[PlyCount "71"]
[EventDate "2009.01.17"]
[EventType "tourn"]
[EventRounds "13"]
[EventCountry "NED"]
[EventCategory "19"]
[SourceTitle "CBM 129"]
[Source "ChessBase"]
[SourceDate "2009.03.25"]
[SourceVersion "1"]
[SourceVersionDate "2009.03.25"]
[SourceQuality "1"]

1. e4 e5 2. Nf3 Nc6 3. Bb5 Nf6 4. O-O Nxe4 5. d4 Nd6 6. Bxc6 dxc6 7. dxe5 Nf5 8. Qxd8+ Kxd8 9. Nc3 Ke8 10. h3 b6 11. Rd1 ({RR} 11. Bf4 Bb4 12. Ne4 Ba6 13. Rfc1 Be2 14. Nfd2 Bxd2 15. Nxd2 Nd4 16. Be3 Nf5 17. Bf4 Nd4 18. Be3 Nf5 19. Bf4 Nd4 {½-½ (19) Topalov,V (2772)-Carlsen,M (2877) Saint Louis 2014}) 11... Bb7 ({RR} 11... Bb4 12. Ne2 Bb7 13. Ned4 Nxd4 14. Nxd4 Bc5 15. Nf5 Rg8 16. g4 Bf8 17. f3 c5 18. Kf2 h6 19. h4 Bc8 20. h5 Be6 21. Ne3 Be7 22. f4 Rd8 23. Rxd8+ Bxd8 24. Bd2 Bc8 25. Bc3 Bb7 26. Kg3 {Samant,A (2495)-Wang,T (2355) Richardson USA 2025 1-0 (41)}) 12. Bf4 Rc8 13. g4 $146 ({RR} 13. Nd4 Nxd4 14. Rxd4 Rd8 15. Rad1 Be7 16. e6 fxe6 17. Bxc7 Rxd4 18. Rxd4 Bf6 19. Rd2 Ke7 20. Ne4 Rc8 21. Bd6+ Ke8 22. Bg3 Rd8 23. Nxf6+ gxf6 24. Rxd8+ {½-½ (24) Almasi,Z (2700)-Kasimdzhanov,R (2704) Germany 2016}) ({RR} 13. Ne4 Be7 14. Re1 h5 15. Nd6+ cxd6 16. exd6 Rd8 17. dxe7 Nxe7 18. Re2 Kf8 19. Rae1 Nf5 20. Re5 Bc8 21. g4 hxg4 22. hxg4 Nh6 23. Re8+ Rxe8 24. Bd6+ Re7 25. Rxe7 Bxg4 26. Rxa7+ {1-0 (26) Negi,P (2603)-Deepan Chakkravarthy,J (2480) New Delhi 2010}) 13... Ne7 14. e6 fxe6 15. Ng5 Nd5 16. Nxe6 Nxf4 17. Nxf4 Bd6 18. Ne6 Kf7 19. Ng5+ Kg6 20. Nce4 Be5 21. Nf3 Bxb2 22. Rd7 Bf6 23. Nxf6 Kxf6 24. g5+ Kg6 25. Re1 Rhe8 26. Ne5+ Kxg5 27. Rxg7+ Kf6 28. Rf7+ Ke6 29. Rxh7 Rg8+ 30. Ng4+ Kd5 31. Ree7 c5 32. Rxc7 Rxc7 33. Rxc7 Bc8 34. Rxa7 Bxg4 35. hxg4 Rxg4+ 36. Kf1 1/2-1/2

[Event "Corus"]
[Site "Wijk aan Zee"]
[Date "2009.01.22"]
[Round "5"]
[White "Ivanchuk, Vassily"]
[Black "Carlsen, Magnus"]
[Result "1/2-1/2"]
[WhiteElo "2779"]
[BlackElo "2776"]
[Annotator "ChessBase"]
[PlyCount "48"]
[EventDate "2009.01.17"]
[EventType "tourn"]
[EventRounds "13"]
[EventCountry "NED"]
[EventCategory "19"]
[SourceTitle "CBM 129"]
[Source "ChessBase"]
[SourceDate "2009.03.25"]
[SourceVersion "1"]
[SourceVersionDate "2009.03.25"]
[SourceQuality "1"]

1. e4 e5 2. Nf3 Nc6 3. Bb5 {The Spanish, regarded over the past 5-10 yaesr as one of the most solid ways to play for Black. Several elite players (eg. Aronian) confidently hide behind its bastions, without any fear at all.} a6 4. Ba4 ({It ahs been known since time immemorial that the win of the pawn by} 4. Bxc6 dxc6 5. Nxe5 {is only temporary:} Qd4) 4... Nf6 5. O-O Be7 6. Re1 b5 {But now this is necessary, since Bxc6 and Nxe5 was a threat.} 7. Bb3 O-O {Most modern-day players castle with the pawn still on d7. It is always nice to threaten a Marshall, even if one actually intends to play another, quieter line.} 8. c3 {Vassily is not afraid of anything...} d6 {Nor is Magnus, but even so, he decides not to risk a theoretical duel. Mind you, one cannot escape from a serious theoretical examination, whatever move one plays here - the Spanish has been analysed deeply in all its variations..} 9. h3 ({The classical recipe. From time to time, White chooses the more direct} 9. d4 {allowing the bishop out to g4.}) 9... a5 {So that's his idea...Excuse my excessive emotion, but when you are expecting to see the main line, on which you have commentated innumerable times before, and then you get a fresh move - well, your eyes light up, the sun shines, and your brain starts to work again. Actually, the move has been known for a long time. It was first played in 1935 by the Swedish master G Stoltz. At the end of the 1940s it was taken up by the likes of Bondarevsky, Bolbochan, Rossolimo, etc. But then its popularity waned, and theory was evidently not convinced of its merits. But lately, it has become popular again. Black prepares to drive the dangerous Spanish bishop off the diagonal by means of a5-a4.} 10. d4 {Ivanchuk decides not to prevent his opponent's plan, but to get on with his own.} ({In a clash between two of the line's pioneers, the continuation} 10. a4 {was tested. After} b4 11. d4 bxc3 12. Nxc3 Nxd4 13. Nxd4 exd4 14. Qxd4 Rb8 15. Bc4 c6 16. b3 Nd7 17. Bf4 Bf6 18. Qe3 Ne5 19. Bxe5 Bxe5 20. Rad1 Be6 {Black had excellent play (Konstantinopolsky-Bondarevsky, USSR Ch 1948).}) 10... a4 ({The father of the variation played it differently:} 10... exd4 11. cxd4 a4 12. Bc2 Nb4 13. Nc3 Nxc2 14. Qxc2 c6 15. d5 cxd5 16. exd5 b4 17. Nxa4 Bd7 18. b3 Nxd5 19. Qc4 Bf6 20. Bb2 Bxa4 21. Bxf6 Nxf6 22. bxa4 Rxa4 {and Black had the advantage (Sir G Thomas-Stoltz, Warsaw 1935).}) 11. Bc2 Bd7 {Introduced into practice by Smyslov. The bishop develops very modestly. It's main object is not to obstruct the other pieces, and, of course, also to support the pawn on b5.} 12. Na3 {It seems that Ivanchuk is well acquainted with the theory, although he can hardly have prepared for this variation. He spent some time trying to recall his old knowledge, and then quickly utilises it.} ({The move} 12. Be3 {allows Black to exchange the strong Spanish bishop, in the style of Stoltz:} exd4 13. cxd4 Nb4 $1) ({Another move which has been played here is} 12. Nbd2 {One recent example is} Re8 13. Bd3 Rb8 14. Qe2 Bf8 15. dxe5 Nxe5 16. Nxe5 dxe5 17. Nf3 h6 18. b3 Bc5 19. Be3 Qe7 20. bxa4 bxa4 21. Rab1 Rb6 {and Black obtained equal chances (G Garcia-Becerra Rivero, USA 2008).}) 12... Rb8 {Black is prepared for further action on the queenside.} ({Formerly the main line was considered to be} 12... Qb8 {This queen manoeuvre becmes possible, thanks to the modest move Bc8-d7. The game Renet-Agdestein, Lyon 1988 continued} 13. Bd3 exd4 14. cxd4 Nb4 15. Bb1 Qb7 16. Bg5 Rad8 17. Nc2 Na6 18. Ne3 Rfe8 19. Qd3 g6 20. a3 c5 21. e5 dxe5 22. dxe5 Bc6 23. Qc3 Nd5 {and Black won after a sharp struggle.}) ({RR} 12... Qb8 13. Bg5 h6 14. dxe5 hxg5 15. exf6 gxf6 16. e5 Nxe5 17. Nd4 Kg7 18. f4 c5 19. Nf5+ Bxf5 20. Bxf5 gxf4 21. Bd3 Rg8 22. Be4 Ra7 23. Qh5 Rh8 24. Qf5 Rh4 25. Rf1 Ng6 26. Rad1 Bd8 27. Qd5 {Cabiativa,J (2142)-Khusenkhojaev,M (2374) Badalona ESP 2025 ½-½ (94)}) 13. d5 {Apparently a novelty.} ({The last word of theory here is} 13. Bd3 b4 14. Nc4 bxc3 15. dxe5 Nxe5 16. Nfxe5 dxe5 17. bxc3 Bd6 18. Bc2 Bc6 19. Bg5 a3 20. Qf3 h6 21. Bc1 Qe7 22. Ne3 Bd7 23. Bb3 Kh8 {1/2-1/2 Yagupov,I (2482)-Zaitsev,I (2417)/Moscow 2000/EXT 2001}) ({RR} 13. Bd3 b4 14. Nc4 bxc3 15. dxe5 Nxe5 16. Nfxe5 dxe5 17. bxc3 Rb5 18. Ne3 Rb6 19. Nc4 Rb5 20. Ne3 Rb6 {½-½ (20) Dominguez Perez,L (2721)-Bruzon Batista,L (2617) Havana 2009}) 13... Na7 ({After some thought, Carlsen retreats the knight deep within its own camp. Of course, a7 is only a temporary post - Black needs to regroup as quickly as possible and advance c7-c6. Thus far, White has not yet definitely seized the initiative. A concrete battle is starting...The clocks times are not surprising: 1.12 - 1.44. On} 13... Na5 {the reply} 14. b4 $1 {is unpleasant, eg.} axb3 15. axb3 {and the threat of b3-b4 gives Black some problems.}) ({The counter-blow} 13... b4 {does not promise equality:} 14. Nc4 $1 Na7 15. cxb4 Rxb4 16. b3 {and White can even attack the queenside successfully.} axb3 17. axb3 Nc8 18. Ra8) 14. c4 {The whole times Vassily was thinking, I was studying precisely this move, the sharpest and most aggressive.} Ra8 {An amazingly quick response, like a table tennis. response. Magnus frees the square b8 for his queen. But this leads us to ask the question: was 12...Rb8 really a good move? Wasn't the more usual 12. ..Qb8 better? Amazingly quick...Black had a number of interesting moves, the consequences of which were not easy to assess.} ({In the variation} 14... b4 15. Nb1 Qe8 {White obtains the advantage by} 16. c5 $1) ({Black is simply worse after} 14... bxc4 15. Nxc4 Qe8 16. Be3 Nc8 17. Rc1 {etc.}) ({It seems to me that the young Norwegian's fighting temperament is suited by the pawn sacrifice} 14... c6 15. dxc6 Bxc6 16. cxb5 Nxb5 17. Bxa4 Qd7 18. Nxb5 Bxb5 19. Bxb5 Rxb5 20. b3 Qb7 21. Qe2 Rc8 {and a quick central break with d6-d5 will follow. On the other hand, of course, it is always easier to sacrifice somebody else's pawns...}) 15. Be3 $146 ({Now Black would answer} 15. c5 {with} c6 $1 {After} 16. cxd6 Bxd6 17. dxc6 Bxc6 {he has everything defended, whereas with the queen on e8 (as in the variation above beginning 14...b4), the bishop on d6 would be hanging.}) ({whilst after} 15. cxb5 Nxb5 16. Bxa4 Nc3 $1 17. bxc3 Rxa4 {Black would obtain a definite initiative for the pawn.}) ({The modest} 15. Bd2 {deserves attention.}) ({RR} 15. c5 c6 16. b3 axb3 17. axb3 Qb8 18. Bb2 Re8 19. Nb1 Bf8 20. cxd6 Bxd6 21. dxc6 Bxc6 22. Nc3 Bb4 23. Re2 Rd8 24. Qc1 Nc8 25. Nd5 Nxd5 26. exd5 Bxd5 27. Bxe5 Qb6 28. Rxa8 Bxa8 29. Qf4 Bd6 {Zatonskih,A (2462)-Kvisla,J (2208) Gibraltar 2009 1-0 (37)}) 15... b4 {This is the drawback of 15. Be3. Black now keeps the c-file closed, on which he has a backward pawn on c7.} 16. Nb1 c5 {Slamming the door!} 17. a3 ({Note that exchanging a central pawn for a flank pawn by means of} 17. Bxa4 Nxe4 {would not be good for White.}) ({However, it was possible to exchange central pawns:} 17. Nxe5 dxe5 18. d6 {although without great effect:} Re8 19. dxe7 Qxe7 {with complicated play.}) 17... b3 {The key goes into the lock. Now the queenside is sealed up for good.} 18. Bd3 {Now all hopes rest on the other side of the board. Possibly the two sides will prepare the corresponding breaks f2-f4 and f7-f5.The position looks about equal.} Nxe4 {Lightning from a clear sky! Carlsen decisively abandons the slow manoeuvering. However, with a knight on a7, such complications are rarely favourable. Black will regain his piece, of course, but in the subsequently play, the white army should be better coordinated.} ({At first, the official site showed Black's move as} 18... Nxd5 {producing shock the whole chess world over. Admittedly, though, even the move 18...Nxe4 can hardly be described as the most normal.}) ({I think that 99 players out of 100 would have played} 18... Nc8 {aiming to put the knight on b6 and then slowly prepare something on the kingside. The 100th player is carlsen. True, as far as the rating list is concerned, he is closer to first. And the rest of us, we ordinary players, follow at a respectful distance...}) 19. Bxe4 ({vassily does not need much time to take himself in hand. Weaker is} 19. Nxe5 dxe5 20. Bxe4 Bd6 {and after f7-f5, Black has a good structure and attacking chances.}) 19... f5 20. Nfd2 ({A surprise in return. Evidently, Vassily wants to put his queen's knight on d2. I was looking at} 20. Bd3 e4 21. Nc3 $1 {and in my view, whichever way Black recaptures the piece, he does not obtain equality. White stands much better in the centre.}) ({One mystery remains: why did White not play} 20. Nc3 fxe4 21. Nxe4 {By comparison with the game, his knightis on f3, instead of b1, which is obviously a significant gain.}) 20... fxe4 21. Qh5 {I would ask you to bear in mind that I am writing my comments as the game is being played, and before seeing the next move. I have to make a lot of guesses, based on my own understanding of the logic of the position.} ({Now it turns out that Ivanchuk is not planning} 21. Nxe4 {on which one can recommend} Qe8 {and the queen comes to g6.}) 21... Be8 ({One can well ask what the queen is doing on h5. I prefer the reply} 21... Qe8 {In the ending, Black puts his bishop on g6 and his knight on b6, although this can hardly lead to any serious disturbance of the equality..}) 22. Qe2 Bd7 23. Qh5 Be8 24. Qe2 Bd7 {The players are evidently worn out by the stress of the game. After the opening, the battle was very hard and non-standard, and the move 18...Nxe4 was the icing on the cake.} 1/2-1/2

[Event "Corus"]
[Site "Wijk aan Zee"]
[Date "2009.01.27"]
[Round "9"]
[White "Adams, Michael"]
[Black "Carlsen, Magnus"]
[Result "1/2-1/2"]
[WhiteElo "2712"]
[BlackElo "2776"]
[PlyCount "56"]
[EventDate "2009.01.17"]
[EventType "tourn"]
[EventRounds "13"]
[EventCountry "NED"]
[EventCategory "19"]
[SourceTitle "CBM 129"]
[Source "ChessBase"]
[SourceDate "2009.03.25"]
[SourceVersion "1"]
[SourceVersionDate "2009.03.25"]
[SourceQuality "1"]

1. e4 c5 2. Nf3 d6 3. d4 cxd4 4. Nxd4 Nf6 5. Nc3 g6 6. Bc4 Bg7 7. O-O O-O 8. Re1 Bg4 9. f3 Bd7 10. Be3 Nc6 11. a4 ({RR} 11. Nxc6 Bxc6 12. Qd2 a6 13. a4 Rc8 14. Bb3 b6 15. Bh6 Nd7 16. Bxg7 Kxg7 17. Qd4+ f6 18. Be6 Qc7 19. Nd5 Bxd5 20. exd5 Rb8 21. Bxd7 Qxd7 22. Re6 Rf7 23. Rae1 Rb7 24. R1e4 Qc7 25. c3 Qc5 {Kapusta,P (2120)-Delgerdalai,B (1656) Vsetin 2020 ½-½ (72)}) 11... Ne5 $146 ({RR} 11... Rc8 12. Ba2 Qa5 13. Rb1 Rfe8 14. Nxc6 Rxc6 15. b4 Qd8 16. Ne2 a6 17. a5 Qb8 18. Qd2 e6 19. Red1 d5 20. e5 Qxe5 21. Bf4 Qf5 22. Nd4 Ne4 23. Nxf5 Nxd2 24. Nxg7 Nxb1 25. Nxe8 Nc3 26. Nf6+ {Filippov,A (2475)-Stocek,J (2569) Mallorca 2004 0-1 (56)}) 12. Bf1 Rc8 13. a5 a6 14. Nd5 Nxd5 15. exd5 Nc4 16. Bxc4 Rxc4 17. c3 Re8 18. Nc2 Ra4 19. Bb6 Rxa1 20. Qxa1 Qc8 21. Ne3 e5 22. dxe6 Rxe6 23. Qd1 Qe8 24. Kf2 Qe7 25. g3 Qg5 26. Qd5 Qxd5 27. Nxd5 Rxe1 28. Kxe1 Kf8 1/2-1/2

[Event "Linares 26th"]
[Site "Linares"]
[Date "2009.02.24"]
[Round "5"]
[White "Grischuk, Alexander"]
[Black "Carlsen, Magnus"]
[Result "1/2-1/2"]
[WhiteElo "2733"]
[BlackElo "2776"]
[PlyCount "67"]
[EventDate "2009.02.19"]
[EventType "tourn"]
[EventRounds "14"]
[EventCountry "ESP"]
[EventCategory "21"]
[SourceTitle "CBM 129"]
[Source "ChessBase"]
[SourceDate "2009.03.25"]
[SourceVersion "1"]
[SourceVersionDate "2009.03.25"]
[SourceQuality "1"]

1. e4 c5 2. Nf3 Nc6 3. d4 cxd4 4. Nxd4 Nf6 5. Nc3 e5 6. Ndb5 d6 7. Bg5 a6 8. Na3 b5 9. Nd5 Be7 10. Bxf6 Bxf6 11. c3 Bg5 12. Nc2 Ne7 13. h4 Bh6 14. a4 bxa4 15. Ncb4 O-O 16. Qxa4 Nxd5 17. Nxd5 a5 18. Bb5 Be6 19. Bc6 Rb8 20. b4 Bxd5 21. Bxd5 axb4 22. cxb4 Qb6 23. O-O ({RR} 23. Rb1 Kh8 24. O-O f5 25. Qa5 fxe4 26. Qxb6 Rxb6 27. Rb3 Rc8 28. Ra1 g6 29. Ra8 Rxa8 30. Bxa8 Bf8 31. b5 Be7 32. g3 Bd8 33. Bxe4 d5 34. Bxd5 Rd6 35. Bc6 Bb6 36. Rb2 Rd3 37. Kg2 Kg7 {Leko,P (2753)-Carlsen,M (2733) Morelia/Linares 2008 1-0 (62)}) 23... Qxb4 24. Qd7 Kh8 $146 ({RR} 24... Rbd8 25. Qf5 g6 26. Qf6 Bg7 27. Qe7 Kh8 28. h5 gxh5 29. Rab1 Qd2 30. Rb3 Rde8 31. Qh4 Qh6 32. Qh1 h4 33. Rh3 Bf6 34. Rf3 Bd8 35. Rf5 Re7 36. Qh3 Ra7 37. Qf3 Qg6 38. Rb1 Bg5 39. Kh1 {Baghdasaryan,V (2193)-Firat,B (2219) Mersin 2008 0-1 (94)}) 25. Ra4 Qb5 26. Qxb5 Rxb5 27. Bxf7 Bd2 28. Rfa1 Bc3 29. Ra8 Rbb8 30. Rxb8 Rxb8 31. Ra6 g6 32. Rxd6 Bd4 33. h5 gxh5 34. Bxh5 1/2-1/2